000 00648nam a2200253Ia 4500
005 20260306145503.0
008 008 260114s9999 xx 000 0 eng d
020 _a9798880700400
037 _aEbook
040 _aCRL
040 _beng
040 _cCRL
041 _2eng
041 _aeng
084 _qCRL
100 _aHeller, NatashaRowe, Mark Michael
_91123873
245 0 _aLiterature for Little Bodhisattvas
260 _bUniversity of Hawaii Press
260 _c2025
650 _aTheology and Religion
_91123750
856 _uhttps://www.degruyter.com/isbn/9798880700400
942 _cEBOOK
999 _c1688712
_d1688712